LEADER 01188nam a2200289 i 4500 001 991001037009707536 005 20020502182732.0 008 010806s1993 us ||| | eng 020 $a0271010134 035 $ab11454684-39ule_inst 035 $aPRUMB53886$9ExL 040 $aDip. SSSC$bita 100 1 $aAfzal-Khan, Fawzia$0223716 245 10$aCultural imperialism and the Indo-English novel :$bgenre and ideology in R.K. Narayan, Anita Desai, Kamala Markandaya, and Salman Rushdie /$cFawzia Afzal-Khan 260 $aUniversity Park :$bPennsylvania State University Press,$cc1993 300 $aX, 194 p. ;$c24 cm. 650 4$aDesai, Anita, 1937$xStudi 650 4$aImperialismo nella letteratura 650 4$aLetteratura e società - India$xStoria$ySec. XX 650 4$aNarayan, R. K., 1906$xStudi 650 4$aRushdie, Salman$xStudi 907 $a.b11454684$b02-04-14$c01-07-02 912 $a991001037009707536 945 $aLE021 FH10B70$g1$i2021000047039$lle021$o-$pE0.00$q-$rl$s- $t0$u1$v1$w1$x0$y.i11641538$z01-07-02 996 $aCultural imperialism and the Indo-English novel$9563711 997 $aUNISALENTO 998 $ale021$b01-01-01$cm$da $e-$feng$gus $h0$i1